LABOUR AND INDUSTRIAL LAWS (Record no. 8167)

MARC details
000 -LEADER
fixed length control field 00447nam a22001817a 4500
005 - DATE AND TIME OF LATEST TRANSACTION
control field 20230111134130.0
008 - FIXED-LENGTH DATA ELEMENTS--GENERAL INFORMATION
fixed length control field 221220b |||||||| |||| 00| 0 eng d
020 ## - INTERNATIONAL STANDARD BOOK NUMBER
ISBN 978-9388028-93-6
041 ## - LANGUAGE CODE
Language code of text/sound track or separate title eng
082 ## - DEWEY DECIMAL CLASSIFICATION NUMBER
Classification number 343.54 PAD-L
100 ## - MAIN ENTRY--AUTHOR NAME
Personal name PADHI , P. K.
245 ## - TITLE STATEMENT
Title LABOUR AND INDUSTRIAL LAWS
250 ## - EDITION STATEMENT
Edition statement 4th ed.
260 ## - PUBLICATION, DISTRIBUTION, ETC. (IMPRINT)
Place of publication DELHI
Name of publisher PHILEARNING PVT. LTD.
300 ## - PHYSICAL DESCRIPTION
Number of Pages 930;P.
650 ## - SUBJECT ADDED ENTRY--TOPICAL TERM
Topical Term MANAGEMENT
942 ## - ADDED ENTRY ELEMENTS (KOHA)
Koha item type Books
Holdings
Lost status Damaged status Collection code Home library Current library Shelving location Date acquired Source of acquisition Cost, normal purchase price Full call number Accession Number Koha item type
    LAW JRU Library JRU Library SHELF-29-D 19/11/2022 LOHIA BOOK INTERNATIONAL 795.00 343.54-PAD-L 27216 Books
    LAW JRU Library JRU Library SHELF-29-D 19/11/2022 LOHIA BOOK INTERNATIONAL 795.00 343.54-PAD-L 27217 Books